000 00297nam a22001217a 4500
040 _cHS
082 _a632
100 _aងិន ឆាយ
245 _aភូតគាមរោគវិទ្យា pathologie vegetale
260 _aRUA
_bងិន ឆាយ
_c1994
300 _a97p.
942 _cKB
999 _c8730
_d8730